000 00535nmm a2200157Ia 4500
008 251105s9999||||xx |||||||||||||||||und||
041 _aspa
100 _aEtxeberria Mauleón, Xabier
245 0 _aÉtica periodística : aproximaciones a la ética de la información
264 _a[Madrid, España] :
_bUniversidad de Deusto,
_c1995
300 _a63 páginas
490 _aAzul - Cuadernos de Teología Deusto
650 _aMedia Studies (Journ., TV, etc)
856 _uhttps://public.digitaliapublishing.com/a/17985
942 _cCF
999 _c98458
_d98458